000 01267cam a2200289 a 4500
005 20161013020002.0
008 990514s1997 ck ab b f000 0 spa d
020 _a9589067336
040 _aNjP
_cNjP
_dDLC
_dCO-BoIAVH
041 _aspa
042 _alccopycat
043 _as-ck---
082 0 4 _a333.7317
_bZ87z2
245 0 0 _aZonificación ambiental para el plan modelo colombo-brasilero :
_b(eje Apaporis-Tabatinga, PAT).
260 _aBogotá :
_bRepública de Colombia, Ministerio de Hacienda y Crédito Público :
_bInstituto Geográfico Agustín Codazzi, Subdirección de Geografía,
_c1997.
300 _a410 páginas :
_bilustraciones (algunas a color) ;
_c28 cm.
650 1 4 _aAnimales y plantas
_xDistribución geográfica
_zAmazonas
650 2 4 _aHistoria natural
_zAmazonas
650 0 _aBiotic communities
_zColombia
_zAmazonas (Department)
650 2 4 _aDiversidad biológica
_zAmazonas
650 2 4 _aConservación biológica
_zAmazonas
650 2 4 _aRecursos naturales
_zAmazonas
650 2 4 _aDesarrollo sostenible
_zAmazonas
710 1 _aColombia.
_bMinisterio de Hacienda y Crédito Público.
710 2 _aInstituto Geográfico "Agustín Codazzi."
942 _2ddc
_cLIBRO
_01
999 _c785
_d785